| 000 | 00904nam a22002057a 4500 | ||
|---|---|---|---|
| 005 | 20131024020003.0 | ||
| 008 | 130801b ag ||||| |||| 00| 0 spa d | ||
| 020 | _a9783847351566 | ||
| 041 | _aspa | ||
| 044 | _aag | ||
| 082 |
_a591.982 _bR175m |
||
| 100 | 1 | 0 |
_aRamón-Barbarán, Francisco _91176 |
| 245 |
_aManual de evaluación de sostenibilidad del comercio de fauna _bExperiencia en el Chaco Semiárido Argentino |
||
| 260 |
_aBerlin, Alemania _bSchaltungsdienst Lange o H.G. _c2011 |
||
| 300 |
_a391 p. _c22 cm. |
||
| 505 | _aI. Introducción -- II. Análisis de sostenibilidad ecológica -- III. Análisis de sostenibilidad económica -- IV. Análisis de sostenibilidad social -- V. Análisis de sostenibilidad institucional -- VI. Discusión general -- VII. Conclusiones | ||
| 650 |
_aFauna _zArgentina _91177 |
||
| 650 |
_aFauna _xComercialización _zArgentina _91178 |
||
| 942 |
_2ddc _cImpreso _01 |
||
| 999 |
_c7503 _d7503 |
||